000 00855nam a2200253 a 4500
001 25721
003 CO-ViMGA
008 141112s2004 ck r 000 u spa d
020 _a9789586956888
040 _aCO-ViMGA
_bspa
_cCO-ViMGA
041 _aSPA
082 0 4 _a780.9861 A98c
100 1 _aRodríguez Melo, Martha Enna
_939663
245 1 0 _aCanción andina colombiana en duetos :
_btranscripción y aproximación documental /
_cMaría del Pilar Azula, Martha Enna Rodríguez y Luis Fernando León
250 _a1a ed.
260 _aBogotá :
_bUniversidad de Los Andes,
_c2011
300 _a176 p. + 1 CD
650 1 4 _aCANCIONES FOLCLORICAS COLOMBIANAS
_939664
650 1 4 _aMUSICA COLOMBIANA
650 1 4 _aMUSICA VOCAL COLOMBIANA
_939665
650 1 4 _aPARTITURAS
_921795
700 1 _aAzula Cajal, María del Pilar
_939666
942 _2ddc
_cBK
999 _c5288
_d5288